000 00736nam a2200205Ii 4500
003 JO-AjNU
008 230605s9999||||xx |||||||||||||| ||und||
017 _a2007/6/2075
040 _aJO-AjNU
_bara
_erda
_cJO-AjNU
041 _aara
050 1 4 _aLC4019.N5542 2008
100 3 _aالنمر،عصام,
_eauthor
_926080
245 0 0 _aالقياس والتقويم في التربية الخاصة
264 3 1 _aعمان:دار اليازوري العلمية للنشر والتوزيع،2008
300 _a280ص
_bأمثلة:ص(211-270)
336 _atext
_btxt
_2rdacontent
337 _aunmediated
_bn
_2rdamedia
338 _avolume
_bnc
_2rdacarrier
650 4 _aالعلوم الإجتماعية-التعليم الخاص
_926081
999 _aA9837
_c13405
_d13405